UM Logo

AC voltage synthesis using arbitrary two-phase voltages : (Record no. 19989)

MARC details
000 -LEADER
fixed length control field 01151nam a22002537a 4500
003 - CONTROL NUMBER IDENTIFIER
control field OSt
005 - DATE AND TIME OF LATEST TRANSACTION
control field 20251002170908.0
008 - FIXED-LENGTH DATA ELEMENTS--GENERAL INFORMATION
fixed length control field 240403b ||||| |||| 00| 0 eng d
040 ## - CATALOGING SOURCE
Transcribing agency 0
082 ## - DEWEY DECIMAL CLASSIFICATION NUMBER
Classification number DPer 621.317 Ie21 October 2022 v. 37 n. 10
100 ## - MAIN ENTRY--PERSONAL NAME
Personal name Zhu, Bingda.
Relator term author.
9 (RLIN) 55947
245 ## - TITLE STATEMENT
Title AC voltage synthesis using arbitrary two-phase voltages :
Remainder of title frequency, phase, and amplitude modulation for direct AC–AC power conversion /
Statement of responsibility, etc. Bingda Zhu, Chuang Liu, Dongbo Guo, Lingguo Kong, Guowei Cai, Heyang Sun, and Xinming Shao.
260 ## - PUBLICATION, DISTRIBUTION, ETC. (IMPRINT)
Place of publication, distribution, etc. New York ;
Name of publisher, distributor, etc. The Institute of Electrical and Electronics Engineers, Inc. ,
Date of publication, distribution, etc. October 2022.
300 ## - PHYSICAL DESCRIPTION
Extent Volume 37, pages 11855-11864 :
Other physical details illustration ;
Dimensions 28 cm.
500 ## - GENERAL NOTE
General note IEEE Transactions on Power Electronics, v. 37, n. 10, pages 11855-11864, October 2022.
700 ## - ADDED ENTRY--PERSONAL NAME
Personal name Zhu, Bingda.
Relator term author.
9 (RLIN) 55947
700 ## - ADDED ENTRY--PERSONAL NAME
Personal name Liu, Chuang.
Relator term author.
9 (RLIN) 55948
700 ## - ADDED ENTRY--PERSONAL NAME
Personal name Guo, Dongbo.
Relator term author.
9 (RLIN) 55949
700 ## - ADDED ENTRY--PERSONAL NAME
Personal name Kong, Lingguo.
Relator term author.
9 (RLIN) 55950
700 ## - ADDED ENTRY--PERSONAL NAME
Personal name Cai, Guowei.
Relator term author.
9 (RLIN) 55951
700 ## - ADDED ENTRY--PERSONAL NAME
Personal name Sun, Heyang.
Relator term author.
9 (RLIN) 55952
700 ## - ADDED ENTRY--PERSONAL NAME
Personal name Shao, Xinming.
Relator term author.
9 (RLIN) 55953
942 ## - ADDED ENTRY ELEMENTS (KOHA)
Source of classification or shelving scheme Dewey Decimal Classification
Koha item type Periodicals
Holdings
Withdrawn status Lost status Source of classification or shelving scheme Damaged status Not for loan Collection code Home library Current library Date acquired Total Checkouts Full call number Date last seen Price effective from Koha item type Public note
    Dewey Decimal Classification     Periodicals UM Digos College - LIC UM Digos College - LIC 04/03/2024   DPer 621.317 Ie21 October 2022 v. 37 n. 10 04/03/2024 04/03/2024 Periodicals Periodical Article